Two Sisters (Record no. 68386)

MARC details
000 -LEADER
fixed length control field 01421nam a22002657a 4500
005 - DATE AND TIME OF LATEST TRANSACTION
control field 2012071005195.0
010 ## - LCCN (DPL NO)
LC control number B-462644-648
020 ## - INTERNATIONAL STANDARD BOOK NUMBER
International Standard Book Number 9788171677382
Terms of availability 95.00
035 ## - SYSTEM CONTROL NUMBER
System control number B-462644-648
037 ## - SOURCE OF ACQUISITION
Stock number dpl
Source of stock number/acquisition K.K.PUB/VEN
082 ## - DEWEY DECIMAL CLASSIFICATION NUMBER
Classification number N
100 ## - MAIN ENTRY--PERSONAL NAME
Personal name Tagore, Rabindranath.
245 ## - TITLE STATEMENT
Title Two Sisters
Statement of responsibility, etc by Rabindranath Tagore
260 ## - PUBLICATION, DISTRIBUTION, ETC. (IMPRINT)
Place of publication, distribution, etc New Delhi
Name of publisher, distributor, etc Rupa.Co
Date of publication, distribution, etc 2007
270 ## - ADDRESS
Address 7/16, Ansari Road, Daryaganj
City New Delhi
300 ## - PHYSICAL DESCRIPTION
Extent 104pg.
Dimensions 18cm.
490 ## - SERIES STATEMENT
Series statement Rabindra Rachanavali
-- 50241
942 ## - ADDED ENTRY ELEMENTS (KOHA)
Source of classification or shelving scheme Dewey Decimal Classification
Item type English Books
Classification part N
Call number suffix TAG
Holdings
Withdrawn status Lost status Not for loan Collection code Home library Current library Date acquired Source of acquisition Cost, normal purchase price Full call number Barcode Copy number Cost, replacement price Koha item type
      Fiction Central Library Central Library 18/07/2012 K.K.Pub/1708/26.12.2011/25/18.01.2012/15.02.2012 95.00 N TAG B-462644 1 95.00 English Books
      Fiction Karol Bagh Karol Bagh 18/07/2012 K.K.Pub/1708/26.12.2011/25/18.01.2012/15.02.2012 95.00 N TAG B-462647 1 95.00 English Books
  Lost and Paid For   Fiction Patel Nagar Patel Nagar 18/07/2012 K.K.Pub/1708/26.12.2011/25/18.01.2012/15.02.2012 95.00 N TAG B-462645 1 95.00 English Books
      Fiction Sarojini Nagar Sarojini Nagar 18/07/2012 K.K.Pub/1708/26.12.2011/25/18.01.2012/15.02.2012 95.00 N TAG B-462646 1 95.00 English Books
      Fiction Shahdara Branch Shahdara Branch 18/07/2012 K.K.Pub/1708/26.12.2011/25/18.01.2012/15.02.2012 95.00 N TAG B-462648 1 95.00 English Books

© Delhi Public Library
Hit Counter
free hit counter